The best women WWE westlers in order - Statistics

General Stats
  • This quiz has been taken 44 times
  • The average score is 20 of 33
Answer Stats
Hint Answer % Correct
1 Becky Lynch
97%
2 Charlotte Flair
97%
21 Nikki Bella
91%
22 Brie Bella
89%
25 Rhea Ripley
89%
8 Sasha Banks
89%
9 Bayley
86%
4 Lita
86%
5 Trish Stratus
86%
19 Bianca Belair
83%
6 AJ Lee
77%
26 Naomi
74%
16 Asuka
71%
31 Nia Jax
71%
13 Alexa Bliss
69%
23 Liv Morgan
69%
27 Natalya
69%
32 Iyo Sky
66%
3 Ronda Rousey
66%
10 Paige
63%
17 Chyna
57%
11 Michelle McCool
57%
12 Mickie James
49%
15 Beth Phoenix
46%
14 Melina
40%
29 Tamina
37%
33 Chelsea Green
31%
24 Ivory
29%
30 Shayna Baszler
29%
20 Eve Torres
23%
18 Alundra Blayze
20%
28 Dana Brooke
14%
7 Mercedes Mone
3%
No matching quizzes found
Score Distribution
Percent of People with Each Score
Percentile by Number Answered
Your Score History
You have not taken this quiz